<?xml version="1.0" encoding="UTF-8"?>
<record
    xmlns:xsi="http://www.w3.org/2001/XMLSchema-instance"
    xsi:schemaLocation="http://www.loc.gov/MARC21/slim http://www.loc.gov/standards/marcxml/schema/MARC21slim.xsd"
    xmlns="http://www.loc.gov/MARC21/slim">

  <leader>01141nam0a22003131  4500</leader>
  <controlfield tag="001">v19\rc\1443375</controlfield>
  <controlfield tag="005">20250618134744.0</controlfield>
  <datafield tag="035" ind1=" " ind2=" ">
    <subfield code="a">(NLR Aleph) 004585866</subfield>
  </datafield>
  <datafield tag="090" ind1=" " ind2=" ">
    <subfield code="a">2591629</subfield>
    <subfield code="c">2591629</subfield>
  </datafield>
  <datafield tag="100" ind1=" " ind2=" ">
    <subfield code="a">20060620e18721872|||y0rusy50      ca</subfield>
  </datafield>
  <datafield tag="101" ind1="0" ind2=" ">
    <subfield code="a">rus</subfield>
  </datafield>
  <datafield tag="102" ind1=" " ind2=" ">
    <subfield code="a">RU</subfield>
  </datafield>
  <datafield tag="105" ind1=" " ind2=" ">
    <subfield code="a">y   z   |||||</subfield>
  </datafield>
  <datafield tag="200" ind1="1" ind2=" ">
    <subfield code="a">&#x418;&#x432;&#x430;&#x43D; &#x41E;&#x43D;&#x443;&#x444;&#x440;&#x438;&#x435;&#x432;&#x438;&#x447; &#x41A;&#x443;&#x440;&#x438;&#x441;. 1834</subfield>
  </datafield>
  <datafield tag="210" ind1=" " ind2=" ">
    <subfield code="a">&#x41E;&#x434;&#x435;&#x441;&#x441;&#x430;</subfield>
    <subfield code="c">&#x442;&#x438;&#x43F;. &#x410;&#x43B;&#x435;&#x43A;&#x441;&#x43E;&#x43C;&#x430;&#x442;&#x438;</subfield>
    <subfield code="d">1872</subfield>
  </datafield>
  <datafield tag="215" ind1=" " ind2=" ">
    <subfield code="a">35 &#x441;.</subfield>
    <subfield code="d">17</subfield>
  </datafield>
  <datafield tag="311" ind1=" " ind2=" ">
    <subfield code="a">&#x418;&#x437; "&#x417;&#x430;&#x43F;. &#x41E;&#x434;&#x435;&#x441;. &#x43E;-&#x432;&#x430; &#x438;&#x441;&#x442;&#x43E;&#x440;&#x438;&#x438; &#x438; &#x434;&#x440;&#x435;&#x432;&#x43D;&#x43E;&#x441;&#x442;&#x435;&#x439;". &#x422;. 8</subfield>
  </datafield>
  <datafield tag="488" ind1=" " ind2="0">
    <subfield code="1">2001#$a&#x417;&#x430;&#x43F;&#x438;&#x441;&#x43A;&#x438; &#x41E;&#x434;&#x435;&#x441;&#x441;&#x43A;&#x43E;&#x433;&#x43E; &#x43E;&#x431;&#x449;&#x435;&#x441;&#x442;&#x432;&#x430; &#x438;&#x441;&#x442;&#x43E;&#x440;&#x438;&#x438; &#x438; &#x434;&#x440;&#x435;&#x432;&#x43D;&#x43E;&#x441;&#x442;&#x435;&#x439;$v&#x422;. 8</subfield>
    <subfield code="t">&#x417;&#x430;&#x43F;&#x438;&#x441;&#x43A;&#x438; &#x41E;&#x434;&#x435;&#x441;&#x441;&#x43A;&#x43E;&#x433;&#x43E; &#x43E;&#x431;&#x449;&#x435;&#x441;&#x442;&#x432;&#x430; &#x438;&#x441;&#x442;&#x43E;&#x440;&#x438;&#x438; &#x438; &#x434;&#x440;&#x435;&#x432;&#x43D;&#x43E;&#x441;&#x442;&#x435;&#x439;</subfield>
  </datafield>
  <datafield tag="540" ind1="1" ind2="0">
    <subfield code="a">&#x41A;&#x443;&#x440;&#x438;&#x441; &#x418;&#x432;&#x430;&#x43D; &#x41E;&#x43D;&#x443;&#x444;&#x440;&#x438;&#x435;&#x432;&#x438;&#x447;. 1834</subfield>
  </datafield>
  <datafield tag="702" ind1=" " ind2="1">
    <subfield code="a">&#x41A;&#x443;&#x440;&#x438;&#x441;</subfield>
    <subfield code="b">&#x418;.&#x41E;.</subfield>
    <subfield code="g">&#x418;&#x432;&#x430;&#x43D; &#x41E;&#x43D;&#x443;&#x444;&#x440;&#x438;&#x435;&#x432;&#x438;&#x447;</subfield>
    <subfield code="4">570</subfield>
  </datafield>
  <datafield tag="801" ind1=" " ind2="0">
    <subfield code="a">RU</subfield>
    <subfield code="b">NLR</subfield>
    <subfield code="g">psbo</subfield>
  </datafield>
  <datafield tag="801" ind1=" " ind2="0">
    <subfield code="a">RU</subfield>
    <subfield code="b">RuMoRGB</subfield>
    <subfield code="2">psbo</subfield>
  </datafield>
  <datafield tag="801" ind1=" " ind2="1">
    <subfield code="a">RU</subfield>
    <subfield code="b">ProSoft-M</subfield>
    <subfield code="2">rusmarc</subfield>
  </datafield>
  <datafield tag="852" ind1=" " ind2=" ">
    <subfield code="a">NLR</subfield>
    <subfield code="j">18.105.2.21</subfield>
  </datafield>
  <datafield tag="899" ind1=" " ind2=" ">
    <subfield code="a">RuMoRGB</subfield>
    <subfield code="j">T 83/818</subfield>
  </datafield>
  <datafield tag="899" ind1=" " ind2=" ">
    <subfield code="a">RuMoRGB</subfield>
    <subfield code="j">U 100/424</subfield>
  </datafield>
  <datafield tag="899" ind1=" " ind2=" ">
    <subfield code="a">&#x411;&#x410;&#x41D;</subfield>
  </datafield>
  <datafield tag="942" ind1=" " ind2=" ">
    <subfield code="c">BOOK</subfield>
  </datafield>
  <datafield tag="980" ind1=" " ind2=" ">
    <subfield code="a">NB</subfield>
  </datafield>
  <datafield tag="995" ind1=" " ind2=" ">
    <subfield code="5">2013-10-26</subfield>
    <subfield code="b">NLR02</subfield>
    <subfield code="c">NLR02</subfield>
    <subfield code="e">RFS</subfield>
    <subfield code="f">4585866-10</subfield>
    <subfield code="k">18.105.2.21</subfield>
    <subfield code="o">0</subfield>
    <subfield code="r">BOOK</subfield>
    <subfield code="s">18105221_</subfield>
  </datafield>
  <datafield tag="995" ind1=" " ind2=" ">
    <subfield code="5">2013-10-26</subfield>
    <subfield code="b">NLR01</subfield>
    <subfield code="c">NLR01</subfield>
    <subfield code="e">TEMP</subfield>
    <subfield code="f">4585866-40</subfield>
    <subfield code="o">0</subfield>
    <subfield code="r">BOOK</subfield>
  </datafield>
</record>
